000 00539nam a22002057a 4500
003 OSt
005 20160719190752.0
008 160719b xxu||||| |||| 00| 0 eng d
020 _a1901198596
040 _cDNLM.
082 _aWB18E27p 2002.
100 _aKaira,A.Philip;
_910324
245 _aEssential Revision Notes for MRCP.
250 _aRevised Edition.
260 _aCheshire.
_bPastest.
_c2002.
300 _a678p;
_bcol,ill;
_c26cm.
504 _aincludes index,Bibliography.
650 _aMedicine.
_9324
942 _2z
_cO_SHELF
999 _c4801
_d4801